Privatizacija črez izgraždane na investicionni fondove.
Investičné fondy v Bulharsku sú držiteľmi účastín skupiny podnikov z rôznych ekonomických sfér. Riadia pohyb účastín na burze, vplývajú na zlepšenie chodu podnikov, vyhľadávajú zahraničné zdroje úverovania atď. Dospelí obyvatelia získavajú podielovú účasť na fondoch, čo má pozitívny vplyv na mnohé s...
Na minha lista:
| Autor principal: | |
|---|---|
| Formato: | Capítulo de Livro |
| Idioma: | búlgaro |
| Assuntos: | |
| Tags: |
Sem tags, seja o primeiro a adicionar uma tag!
|
MARC
| LEADER | 00000naa a2200000 4500 | ||
|---|---|---|---|
| 001 | r009622 | ||
| 005 | 20221125115028.8 | ||
| 041 | 0 | |a bul | |
| 044 | |a BG | ||
| 245 | 1 | 0 | |a Privatizacija črez izgraždane na investicionni fondove. |c B. Kolev |
| 520 | |a Investičné fondy v Bulharsku sú držiteľmi účastín skupiny podnikov z rôznych ekonomických sfér. Riadia pohyb účastín na burze, vplývajú na zlepšenie chodu podnikov, vyhľadávajú zahraničné zdroje úverovania atď. Dospelí obyvatelia získavajú podielovú účasť na fondoch, čo má pozitívny vplyv na mnohé sociálne a ekonomické procesy. | ||
| 610 | 2 | 0 | |a fondy investičné |
| 610 | 2 | 0 | |a privatizácia |
| 610 | 2 | 0 | |a BR |
| 610 | 2 | 0 | |a akcie |
| 610 | 2 | 0 | |a úverovanie |
| 610 | 2 | 0 | |a burzy peňažné |
| 610 | 2 | 0 | |a zdroje finančné |
| 610 | 2 | 0 | |a kapitál zahraničný |
| 100 | 1 | |a Kolev, B. | |